| 000 | 00419nam a22001457a 4500 | ||
|---|---|---|---|
| 008 | 150330b xxu||||| |||| 00| 0 eng d | ||
| 020 | _a9780071790192 (alk. paper) | ||
| 020 | _a0071790195 (alk. paper) | ||
| 020 | _a9780071790208 | ||
| 020 | _a0071790209 | ||
| 041 | 0 | _aeng | |
| 080 | _a330.322 | ||
| 245 | 1 | 4 |
_aThe strategic ETF investor : _cScott Frush. |
| 942 |
_2udc _cBK |
||
| 999 |
_c596 _d596 |
||